Statystyki dla Państwa graniczące z Chinami

Kliknij tutaj aby rozwiązać quiz!

Ogólne statystyki

  • Ten quiz został rozwiązany 25 razy
    (22 od ostatniego zresetowania)
  • Średni wynik to 13 z 14

Statystyki odpowiedzi

Długość granicyPaństwo% Poprawnych
1416 kmKorea Północna
100%
4677 kmMongolia
100%
3645 kmRosja
100%
3380 kmIndie
95%
1533 kmKazachstan
95%
858 kmKirgistan
91%
423 kmLaos
91%
523 kmPakistan
91%
1281 kmWietnam
91%
1236 kmNepal
86%
414 kmTadżykistan
86%
76 kmAfganistan
82%
470 kmBhutan
82%
2185 kmMjanma
77%

Rozkład punktacji

Percentyl według liczby udzielonych odpowiedzi

Procent ludzi z każdym wynikiem

Twoja historia wyników

Nie rozwiązałeś tego quizu od ostatniego zresetowania